Imagery in sport (Record no. 211602)

MARC details
000 -LEADER
fixed length control field 00743nam a2200241Ia 4500
008 - FIXED-LENGTH DATA ELEMENTS--GENERAL INFORMATION
fixed length control field 191130s2005##################000#0#eng##
020 ## - INTERNATIONAL STANDARD BOOK NUMBER
ISBN 9780736037525
082 ## - DEWEY DECIMAL CLASSIFICATION NUMBER
Classification number 796.01 MOR
100 ## - MAIN ENTRY--AUTHOR NAME
Personal name Morris, Tony
245 ## - TITLE STATEMENT
Title Imagery in sport
Statement of responsibility, etc Tony Morris, Michael Spittle, Anthony P. Watt
260 ## - PUBLICATION, DISTRIBUTION, ETC. (IMPRINT)
Place of publication Champaign, IL
Name of publisher Human Kinetics
Year of publication c2005
300 ## - PHYSICAL DESCRIPTION
Number of Pages xii, 387 p. : ill. ; 24 cm
500 ## - GENERAL NOTE
General note Includes bibliographical references (p. 335-375) and index
650 ## - SUBJECT ADDED ENTRY--TOPICAL TERM
Topical Term Imagery (Psychology)
Topical Term Sports - Psychological aspects
700 ## - ADDED ENTRY--PERSONAL NAME
Personal name Spittle, Michael
Personal name Watt, Anthony P
991 ## -
-- 330300
Holdings
Withdrawn status Lost status Damaged status Not for loan Home library Current library Shelving location Date acquired Full call number Accession Number Price effective from Koha item type
        Anna Centenary Library Anna Centenary Library 6TH FLOOR, B WING 13.10.2020 796.01 MOR 371739 13.10.2020 English Books

Find us on the map